00809nam a2200241Ia 450000100060000000300090000600800410001504000130005604000130006904100130008210000250009510000290012024500280014924500450017725000110022226000110023326000130024426000490025730000590030650001470036565000240051265000310053622764IT-RoPAU130308s9999 xx 000 0 und d aIT-RoPAU cIT-RoPAU aITALIANO aCaprettini Gianpaolo gCodice Aut. SPICS: 11221 aOrme del pensiero (Le) bSegno dei tre (Il)-Holmes, Dupin, Peirce a1a ed. aMILANO bBompiani c1983 [1° Ed.:1983 - Ed.Ling.Originale:1983] a"25 p. (prefazione: no ; testo: 25 [pagine: 157-181])" aGiallo Come Universo Indiziario Incertezza dei Segni Fra pensiero e Azioneipotesi Come spiegazione Fra Enigma e mistero Fra Sapere e Passioni aSAGGI DI SEMIOLOGIA eCodice materia Spics: 3257